000 01018cam a2200229 4500
001 ABS66153
008 021119n2002 000 0 eng u
035 _a(Sirsi) u120509
245 _aSafe as houses
260 _c2002
490 _aInvestors Chronicle
_v142(1806) 25 October 2002, 77-78(2)
520 _aLooks at the residential and commercial property market where most surveys have pointed to a continuing rise in the coming year but at a slower rate. Examines different ways of investing in property such as buy-to-let and ground rent funds. Urges caution over some of these schemes as residential rents have now fallen for a sixth quarter in a row as the market is becoming more saturated.
590 _aABS
650 _aHOUSE PRICES
650 _aRESIDENTIAL PROPERTY
_96266
650 _aPROPERTY-COMMERCIAL PROPERTY
650 _aBUY-TO-LET
650 _aGROUND RENT FUNDS
650 _aPROPERTY SYNDICATES
690 _aPROPERTY-RESIDENTIAL PROPERTY-RESIDENTIAL PROPERTY MARKET
942 _n0
999 _c71592
_d71592